IPD UK residential investment index 2007 (Record no. 108139)

MARC details
000 -LEADER
fixed length control field 01268cad a22002175a 4500
001 - CONTROL NUMBER
control field L143392
008 - FIXED-LENGTH DATA ELEMENTS--GENERAL INFORMATION
fixed length control field 080501s2008 xxkd f s 000 0 eng d
035 ## - SYSTEM CONTROL NUMBER
System control number (Sirsi) u143392
041 0# - LANGUAGE CODE
Language code of text/sound track or separate title eng
050 04 - LIBRARY OF CONGRESS CALL NUMBER
Classification number 332.6324 $2 18
110 2# - MAIN ENTRY--CORPORATE NAME
Corporate name or jurisdiction name as entry element Investment Property Databank
9 (RLIN) 2288
245 00 - TITLE STATEMENT
Title IPD UK residential investment index 2007
Medium [electronic resource]
260 ## - PUBLICATION, DISTRIBUTION, ETC.
Place of publication, distribution, etc. London
Name of publisher, distributor, etc. IPD
Date of publication, distribution, etc. 2008
520 ## - SUMMARY, ETC.
Summary, etc. The seventh year of results shows that the UK residential investment market made a small increase during 2007 to deliver 17% returns. This strong performance was driven mainly by capital growth. The slowing of the owner occupier market in the fourth quarter had only a small effect on the year's figures. Total returns for the year were over 20% ahead of the failing commercial market. Growth in the residential market was also much higher than both equities and bonds.
590 ## - LOCAL NOTE (RLIN)
Local note KA NTK
650 24 - SUBJECT ADDED ENTRY--TOPICAL TERM
Topical term or geographic name entry element IPD UK RESIDENTIAL INVESTMENT INDEX
651 #4 - SUBJECT ADDED ENTRY--GEOGRAPHIC NAME
Geographic name United Kingdom
Chronological subdivision
690 ## - LOCAL SUBJECT ADDED ENTRY--TOPICAL TERM (OCLC, RLIN)
Topical term or geographic name as entry element PROPERTY-RESIDENTIAL PROPERTY-RESIDENTIAL PROPERTY FINANCE AND INVESTMENT
856 40 - ELECTRONIC LOCATION AND ACCESS
Uniform Resource Identifier <a href="https://www.cluttons.com/clientUpload/researchIssue/IPD%20Residential%20Investment%20Index%20-%20results%20for%202007.pdf">https://www.cluttons.com/clientUpload/researchIssue/IPD%20Residential%20Investment%20Index%20-%20results%20for%202007.pdf</a>
Public note View the item free of charge at www.cluttons.com
942 ## - ADDED ENTRY ELEMENTS (KOHA)
Suppress in OPAC 0
Holdings
Withdrawn status Lost status Source of classification or shelving scheme Damaged status Not for loan Home library Current library Shelving location Date acquired Total Checkouts Full call number Barcode Date last seen Copy number Price effective from Koha item type
    Dewey Decimal Classification     Virtual Virtual Online 01/05/2008   ONLINE PUBLICATION 143392-2001 06/08/2019 1 06/08/2019 Book